| 000 | 01649nam a2200361 a 4500 | ||
|---|---|---|---|
| 003 | CHAP | ||
| 005 | 20250203183425.0 | ||
| 007 | ta | ||
| 008 | 250203s2013 mx ||||gr|||| 000 f spa d | ||
| 020 | _a970-732-079-6 | ||
| 040 |
_amxchpua _cCHAP _erda |
||
| 041 |
_aspa _bspa _fspa _hrus |
||
| 050 | 1 | 0 |
_aPG3476.B78 _b.B85 M34 2013 |
| 082 | 0 | 0 |
_220 _a808.839382 _bB85 M34 2013 |
| 100 | 1 |
_aBulgakov, Mijail _9190051 |
|
| 240 | 1 |
_aMaster i Margarita. _lEspañol |
|
| 245 | 1 | 3 |
_aEl maestro y Margarita / _cMijaíl Bulgákov ; traductor Julio Travieso Serrano |
| 250 | _a1a edición | ||
| 264 |
_aMéxico : _bLectorum, _c2013 |
||
| 300 | _a412 páginas | ||
| 336 |
_2rdacontent _atexto _btxt |
||
| 337 |
_2rdamedia _asin medio _bn |
||
| 338 |
_2rdacarrier _avolumen _bnc |
||
| 520 | 2 | _aNovela que ha suscitado el entusiasmo de millares de lectores desde su primera publicación, "El maestro y Margarita" no sólo es una sátira genial de la sociedad soviética, con su población hambrienta, sus burócratas estúpidos, sus aterrados funcionarios y sus corruptos artistas. Acompañado de una extravagante corte, el Diablo llega a Moscú e irrumpe en sus mediocres vidas desencadenando toda una serie de peripecias trepidantes y disparatadas que radiografían las debilidades de la naturaleza humana. | |
| 650 | 1 | 7 |
_aNovela rusa _982027 |
| 650 | 1 | 0 |
_aLiteratura rusa _ySiglo XX _9190052 |
| 650 | 1 | 4 |
_aValores (Psicología) _9117674 |
| 650 | 1 | 0 |
_aNovel _9161790 _xFiction |
| 650 | 1 | 0 |
_aRussian literature _y20th century _9190053 |
| 650 | 1 | 0 |
_aValues (Psychology) _9187249 |
| 700 | 1 |
_aTravieso Serrano, Julio _9190054 _etraductor |
|
| 942 |
_2ddc _cLIBRO |
||
| 999 |
_c220428 _d220428 |
||